Tatranské chaty (8) Zbojnícka chata

Bibliographic Details
Main Author: Bohuš, Ivan, 1957- (Author)
Format: Article
Language:Slovak
Subjects:

MARC

LEADER 00000nab a2200000Ia 4500
001 vtls010783943
003 SK-MaSNL
005 20260304033542.0
008 230328|2011 xo |||||||||||||||||slo|
035 |a (urnnbn)urn:nbn:sk:snk:ar-a030ic 
035 |a (uuid)68c68035-f51f-4dcb-9067-c0fcd2b6d885 
035 |a urn:nbn:sk:snk-ab4prh 
040 |a SNKBUCL  |b slo  |c SNKBUCL  |e AACR2 
041 0 |a slo 
044 |a xo  |c SK 
080 |a (234.372.4)  |2 2011 
080 |a 728.538  |2 2001 
100 1 |a Bohuš, Ivan,  |d 1957-  |4 aut  |9 80008 
245 1 0 |a Tatranské chaty (8)  |b Zbojnícka chata  |c Ivan Bohuš Ml. 
650 0 7 |a horské chaty  |2 SNKPH  |9 98865 
650 0 7 |a Zbojnícka chata (Vysoké Tatry, Slovensko)  |2 SNK  |9 1315483 
651 7 |a Vysoké Tatry (Poľsko a Slovensko : pohorie)  |2 SNKPHgeo  |9 67729 
773 0 |g Roč. LXXXVIII, č. 5-6 (2011), s. 70-73  |t Krásy Slovenska 
773 0 |t Krásy Slovenska : príroda, ľudia, turistika, pamiatky, tradície, jaskyne  |g Roč. 88, č. 5-6 (2011), s. 70-73 
954 |a odborná, vedecká literatúra pôvodná (slovenská)  |2 lita 
958 |a article3 
999 |c 2648693  |d 2650623